|
|
|
|
| LEADER |
00000nam a2200000Ia 4500 |
| 008 |
180403b1984 cr ||||| |||| 00| | spa d |
| 999 |
|
|
|c 1020
|d 1020
|
| 020 |
|
|
|a 9977670161
|
| 090 |
|
|
|a 02.02.01
|b 1812
|
| 100 |
1 |
|
|9 3511
|a Pichardo Muñiz, Arlett
|
| 245 |
1 |
0 |
|a Planificación y programación social /
|c Arlett Pichardo Muñiz
|
| 260 |
|
|
|a San José, Costa Rica :
|b Editorial de la Universidad de Costa Rica,
|c 1984
|
| 300 |
|
|
|a 225 páginas
|
| 650 |
1 |
4 |
|a POLITICA SOCIAL
|9 2251
|
| 650 |
1 |
4 |
|9 2302
|a PLANIFICACION
|
| 650 |
1 |
4 |
|9 2322
|a EJECUCION DE PROYECTOS
|
| 651 |
|
4 |
|9 273
|a AMÉRICA LATINA
|
| 942 |
|
|
|i 002786
|h 02.02.01 1812
|2 z
|c 01
|